[Event "Bornholm (Women)"]
[Site "Ronne"]
[Date "2013.07.06"]
[Round "7"]
[White "Wisniowska, Klaudia"]
[Black "Demidowicz, Maria"]
[Result "0-1"]
[WhiteElo "2178"]
[BlackElo "2096"]
[PlyCount "114"]
[EventDate "2013.07.02"]
[EventType "tourn"]
[EventRounds "9"]
[EventCountry "DEN"]
[SourceTitle "EXT 2014"]
[Source "ChessBase"]
[SourceDate "2013.11.20"]
[SourceVersion "1"]
[SourceVersionDate "2013.11.20"]
[SourceQuality "1"]

1. e4 e5 2. Nf3 Nc6 3. Bb5 a6 4. Ba4 Nf6 5. 0-0 b5 6. Bb3 Be7 7. Re1 0-0 8. h3 Bb7 9. d3 d6 10. a3 Na5 11. Ba2 c5 12. Nbd2 Qc7 13. c3 Nc6 14. Nf1 Bc8 15. d4 c4 16. Ng3 Re8 17. Bg5 h6 18. Be3 Bf8 19. d5 Na5 20. Nh4 Kh7 21. Nf3 Nb7 22. Bb1 Nc5 23. Bc2 a5 24. Nh2 g6 25. Kh1 Bg7 26. f3 Ng8 27. f4 exf4 28. Bxf4 Nd7 29. Nf3 Ne5 30. Nd4 Bd7 31. Rf1 Rf8 32. Qd2 Rab8 33. Be3 Qd8 34. Nge2 Qe7 35. Bf4 Nf6 36. Nf3 Nh5 37. Bh2 Nxf3 38. Rxf3 Be5 39. Bxe5 Qxe5 40. Raf1 f6 41. Qe3 Rb7 42. Qf2 b4 43. axb4 axb4 44. g4 Ng7 45. Nd4 Ne8 46. Re3 bxc3 47. bxc3 Rb2 48. Qe2 Nc7 49. Nf3 Qe7 50. e5 Nxd5 51. Nh4 Nxe3 52. Bxg6+ Kg8 53. Qxe3 Qxe5 54. Qg1 Bc6+ 55. Nf3 Qxc3 56. Qg3 Ra8 57. Qf4 Bxf3+ 0-1

[Event "Bornholm (Women)"]
[Site "Ronne"]
[Date "2013.07.05"]
[Round "6"]
[White "Demidowicz, Maria"]
[Black "De Blecourt, Sandra"]
[Result "0-1"]
[WhiteElo "2096"]
[BlackElo "2106"]
[PlyCount "78"]
[EventDate "2013.07.02"]
[EventType "tourn"]
[EventRounds "9"]
[EventCountry "DEN"]
[SourceTitle "EXT 2014"]
[Source "ChessBase"]
[SourceDate "2013.11.20"]
[SourceVersion "1"]
[SourceVersionDate "2013.11.20"]
[SourceQuality "1"]

1. e4 d5 2. exd5 Qxd5 3. Nc3 Qa5 4. d4 Nf6 5. Bd2 Bg4 6. Nf3 Nc6 7. Bb5 0-0-0 8. Bxc6 bxc6 9. h3 Qh5 10. Qe2 Bxf3 11. gxf3 Kb7 12. Be3 e6 13. 0-0-0 Qa5 14. Kb1 Bb4 15. Ne4 Nd5 16. Rhg1 f5 17. Nc5+ Bxc5 18. dxc5 Ka8 19. Bd4 Rhe8 20. f4 Rb8 21. Qf3 Rb4 22. a3 Rc4 23. b4 Rb8 24. Kc1 Qa4 25. Qd3 Rxd4 26. Qxd4 Qxa3+ 27. Qb2 Qf3 28. c3 Nxc3 29. Rd2 Nd5 30. Rd4 Nxf4 31. Rxg7 Ne2+ 32. Kd2 Nxd4 33. Qxd4 Qd5 34. Qxd5 cxd5 35. Kc3 d4+ 36. Kc4 Rd8 37. c6 Kb8 38. Rxh7 Kc8 39. Re7 d3 0-1

[Event "POL-chT (Women) 4th"]
[Site "Wroclaw"]
[Date "2011.12.04"]
[Round "5"]
[White "Demidowicz, Maria"]
[Black "Rylska, Kamila"]
[Result "1-0"]
[WhiteElo "2077"]
[BlackElo "1331"]
[PlyCount "119"]
[EventDate "2011.12.02"]
[EventType "team-swiss"]
[EventRounds "5"]
[EventCountry "POL"]
[SourceTitle "EXT 2019"]
[Source "ChessBase"]
[SourceDate "2018.10.10"]
[SourceVersion "1"]
[SourceVersionDate "2018.10.10"]
[SourceQuality "1"]
[WhiteTeam "Gorzow Wielkopolski Stilon (W)"]
[BlackTeam "Chylice UKS Szachylice (W)"]
[WhiteTeamCountry "POL"]
[BlackTeamCountry "POL"]

1. e4 e5 2. Nf3 Nc6 3. Bb5 a6 4. Ba4 Nf6 5. 0-0 Nxe4 6. d4 Nf6 7. dxe5 Ne4 8. c3 Nc5 9. Bc2 d6 10. Bg5 Be7 11. Bxe7 Qxe7 12. exd6 Qxd6 13. Re1+ Ne6 14. Nbd2 0-0 15. Qe2 Qd5 16. Ne4 Nf4 17. Qe3 Ng6 18. Bb3 Qf5 19. Rad1 Be6 20. Ng3 Qf4 21. Bxe6 Qxe3 22. Bxf7+ Rxf7 23. Rxe3 Raf8 24. Ne4 Nce5 25. Nfg5 Re7 26. Nc5 c6 27. Nge6 Rfe8 28. Nd8 b6 29. Nxa6 c5 30. Nb8 Nc4 31. Rxe7 Rxe7 32. b3 Nd2 33. Ndc6 Re2 34. Nd7 Ne4 35. Nde5 Nxe5 36. Nxe5 Nd2 37. f4 g6 38. Nd7 Ne4 39. Nxb6 Nxc3 40. Rd8+ Kf7 41. a4 Rb2 42. a5 Rxb3 43. Kf2 Ra3 44. Ra8 Ne4+ 45. Ke2 Nd6 46. a6 Nb5 47. Nc4 Ra4 48. Kd3 Ke6 49. Nb6 Ra3+ 50. Kc4 Nc7 51. Ra7 Rxa6 52. Rxc7 Rxb6 53. Rxh7 Rc6 54. g4 Kf6 55. h4 Ke6 56. h5 gxh5 57. Rh6+ Kd7 58. Rxc6 Kxc6 59. gxh5 Kd6 60. h6 1-0

[Event "BL 1112 (Women)"]
[Site "Germany"]
[Date "2011.10.30"]
[Round "2.6"]
[White "Schmidt, Jade"]
[Black "Demidowicz, Maria"]
[Result "1/2-1/2"]
[WhiteElo "2098"]
[BlackElo "2077"]
[PlyCount "81"]
[EventDate "2011.10.29"]
[EventType "team-tourn"]
[EventRounds "11"]
[EventCountry "GER"]
[SourceTitle "EXT 2013"]
[Source "ChessBase"]
[SourceDate "2012.11.22"]
[SourceVersion "1"]
[SourceVersionDate "2012.11.22"]
[SourceQuality "1"]
[WhiteTeam "Hamburger SK (W)"]
[BlackTeam "Guben (W)"]
[WhiteTeamCountry "GER"]
[BlackTeamCountry "GER"]

1. d4 Nf6 2. c4 g6 3. Nc3 Bg7 4. e4 0-0 5. f3 c5 6. dxc5 b6 7. Be3 bxc5 8. Bxc5 Nc6 9. Qd2 Bb7 10. Be3 d6 11. Rd1 Qc8 12. Nh3 Rd8 13. Be2 e6 14. Bg5 Ne5 15. b3 Qc5 16. Nf2 Rd7 17. f4 Nc6 18. Na4 Qa3 19. 0-0 Rad8 20. Bf3 e5 21. Nd3 Nd4 22. Qf2 h6 23. fxe5 Nxf3+ 24. gxf3 dxe5 25. Bc1 Qe7 26. Nac5 Rd6 27. Nxb7 Qxb7 28. Nb2 Rxd1 29. Rxd1 Rxd1+ 30. Nxd1 Nh5 31. Nc3 Nf4 32. Bxf4 exf4 33. Nd5 Qd7 34. Kf1 g5 35. Ke2 g4 36. fxg4 Qxg4+ 37. Qf3 Qg1 38. Qxf4 Qg2+ 39. Kd3 Qxa2 40. Qb8+ Kh7 41. Ke3 1/2-1/2

[Event "BL 1112 (Women)"]
[Site "Germany"]
[Date "2011.10.29"]
[Round "1.6"]
[White "Demidowicz, Maria"]
[Black "Zhang, Fan"]
[Result "1/2-1/2"]
[WhiteElo "2077"]
[BlackElo "2097"]
[PlyCount "97"]
[EventDate "2011.10.29"]
[EventType "team-tourn"]
[EventRounds "11"]
[EventCountry "GER"]
[SourceTitle "EXT 2013"]
[Source "ChessBase"]
[SourceDate "2012.11.22"]
[SourceVersion "1"]
[SourceVersionDate "2012.11.22"]
[SourceQuality "1"]
[WhiteTeam "Guben (W)"]
[BlackTeam "Muelheim Nord (W)"]
[WhiteTeamCountry "GER"]
[BlackTeamCountry "GER"]

1. e4 e6 2. d4 d5 3. Nc3 Nf6 4. Bg5 Bb4 5. e5 h6 6. Bd2 Bxc3 7. bxc3 Ne4 8. Bd3 Nxd2 9. Qxd2 c5 10. Nf3 Qa5 11. 0-0 b6 12. Qe3 Nd7 13. c4 Bb7 14. cxd5 cxd4 15. Qxd4 Qxd5 16. Qf4 g5 17. Qg3 g4 18. Qxg4 0-0-0 19. Bc4 Qc6 20. Be2 Rhg8 21. Qf4 Rg5 22. h4 Rxe5 23. Rfe1 Rg8 24. Qxf7 Rf8 25. Qg7 Rxe2 26. Rxe2 Rxf3 27. Rd1 Rf7 28. Qg8+ Rf8 29. Qg7 Rf7 30. Qg8+ Rf8 31. Qg7 Rd8 32. Red2 Kc7 33. Rd3 Ba6 34. Rd6 Qxd6 35. Rxd6 Kxd6 36. Qxh6 Rg8 37. Qf4+ Ke7 38. g4 Be2 39. g5 Bh5 40. Qe4 Bg6 41. Qe2 Rh8 42. Qc4 a5 43. Kg2 Rh7 44. Kg3 Rf7 45. Qc8 Rf8 46. Qc3 Rf7 47. Qc8 Rf8 48. Qc3 Rf7 49. Qc8 1/2-1/2

[Event "POL-chT 2st League"]
[Site "Mrzezyno"]
[Date "2010.09.05"]
[Round "2.60"]
[White "Demidowicz, Maria"]
[Black "Swiatnicka, Malgorzata"]
[Result "0-1"]
[WhiteElo "2073"]
[BlackElo "1822"]
[PlyCount "64"]
[EventDate "2010.09.04"]
[EventType "team-swiss"]
[EventRounds "9"]
[EventCountry "POL"]
[SourceTitle "EXT 2019"]
[Source "ChessBase"]
[SourceDate "2018.10.10"]
[SourceVersion "1"]
[SourceVersionDate "2018.10.10"]
[SourceQuality "1"]
[WhiteTeam "Gdynia Korsarz"]
[BlackTeam "Konin Hetman"]
[WhiteTeamCountry "POL"]
[BlackTeamCountry "POL"]

1. e4 e5 2. Nf3 Nc6 3. Bb5 Nd4 4. Nxd4 exd4 5. 0-0 Bc5 6. d3 Ne7 7. Nd2 c6 8. Bc4 0-0 9. Bb3 d5 10. exd5 cxd5 11. Nf3 Bg4 12. h3 Bh5 13. Re1 Nc6 14. g4 Bg6 15. Bg5 f6 16. Bf4 Na5 17. Qd2 Nxb3 18. axb3 Rc8 19. b4 Bb6 20. Nh4 Re8 21. Nxg6 hxg6 22. c3 Qd7 23. Rac1 Rxe1+ 24. Qxe1 Re8 25. Qd1 Qe6 26. Qb3 Kh7 27. Rf1 Qe2 28. cxd4 Bxd4 29. Qxd5 Qxd3 30. Qxb7 Re4 31. Bh2 Qf3 32. Qc7 Bxf2+ 0-1

[Event "POL-chT (Women) 2nd"]
[Site "Wroclaw"]
[Date "2009.11.22"]
[Round "4"]
[White "Demidowicz, Maria"]
[Black "Poznanska, Katarzyna"]
[Result "1/2-1/2"]
[WhiteElo "2138"]
[BlackElo "2090"]
[PlyCount "100"]
[EventDate "2009.11.20"]
[EventType "team-swiss"]
[EventRounds "5"]
[EventCountry "POL"]
[SourceTitle "CBM 133 Extra"]
[Source "ChessBase"]
[SourceDate "2010.01.05"]
[SourceVersion "1"]
[SourceVersionDate "2010.01.05"]
[SourceQuality "1"]
[WhiteTeam "Gorzow Wielkopolski Stilon (W)"]
[BlackTeam "Wroclaw AZS Politechnika (W)"]
[WhiteTeamCountry "POL"]
[BlackTeamCountry "POL"]

1. e4 c5 2. Nf3 e6 3. d4 cxd4 4. Nxd4 a6 5. Bd3 b5 6. 0-0 Bb7 7. a4 b4 8. Be3 Qc7 9. Nd2 Nf6 10. f4 Nc6 11. N2b3 Nxd4 12. Bxd4 Nxe4 13. Kh1 Bd6 14. Qg4 h5 15. Qh4 Be7 16. Qh3 f5 17. Rac1 Bf6 18. c3 Qd6 19. Bxe4 Bxe4 20. Bc5 Qd5 21. cxb4 Qd3 22. Qxd3 Bxd3 23. Rfd1 Be4 24. Nd4 g5 25. fxg5 Bxg5 26. Rc3 Bf4 27. Nf3 Rb8 28. Bd6 Bxd6 29. Rxd6 Bc6 30. Nd4 Ke7 31. Rdxc6 dxc6 32. Nxc6+ Kd6 33. Nxb8 Rxb8 34. Kg1 Rxb4 35. b3 Kd5 36. Kf2 e5 37. Rh3 f4 38. Ke2 Kd4 39. Rd3+ Ke4 40. Rc3 Kd4 41. Rd3+ Ke4 42. Rc3 Rb6 43. g3 Kd4 44. Rd3+ Ke4 45. Rc3 fxg3 46. hxg3 Rb4 47. Re3+ Kd4 48. Rd3+ Ke4 49. Re3+ Kf5 50. Rc3 Ke4 1/2-1/2

[Event "POL-chT (Women) 2nd"]
[Site "Wroclaw"]
[Date "2009.11.22"]
[Round "5"]
[White "Toma, Katarzyna"]
[Black "Demidowicz, Maria"]
[Result "1/2-1/2"]
[WhiteElo "2261"]
[BlackElo "2138"]
[PlyCount "69"]
[EventDate "2009.11.20"]
[EventType "team-swiss"]
[EventRounds "5"]
[EventCountry "POL"]
[SourceTitle "CBM 133 Extra"]
[Source "ChessBase"]
[SourceDate "2010.01.05"]
[SourceVersion "1"]
[SourceVersionDate "2010.01.05"]
[SourceQuality "1"]
[WhiteTeam "Lublin Drakon SKOK Chmielewskiego (W)"]
[BlackTeam "Gorzow Wielkopolski Stilon (W)"]
[WhiteTeamCountry "POL"]
[BlackTeamCountry "POL"]

1. e4 d6 2. Nf3 c5 3. d4 cxd4 4. Nxd4 Nf6 5. Nc3 a6 6. a4 e5 7. Nf3 Qc7 8. Be2 Be7 9. Be3 Nbd7 10. 0-0 0-0 11. Nd2 b6 12. Bc4 Bb7 13. Qe2 Nc5 14. f3 Rfd8 15. b4 Ne6 16. Nd5 Nxd5 17. exd5 Nd4 18. Bxd4 exd4 19. Rae1 Bf8 20. Qd3 b5 21. axb5 axb5 22. Bb3 g6 23. Qxd4 Bg7 24. Qd3 Qc3 25. Qxc3 Bxc3 26. Re7 Bxd2 27. Rxb7 Rab8 28. Rc7 Bxb4 29. Ra1 Ra8 30. Rd1 Rdc8 31. Rc6 Re8 32. Kf1 Bc5 33. Rc7 Ra7 34. Rxa7 Bxa7 35. Re1 1/2-1/2

[Event "POL-chT 65th"]
[Site "Lublin"]
[Date "2009.09.19"]
[Round "8.12"]
[White "Demidowicz, Maria"]
[Black "Jakubiec, Edyta"]
[Result "1/2-1/2"]
[WhiteElo "2119"]
[BlackElo "2184"]
[PlyCount "21"]
[EventDate "2009.09.12"]
[EventType "team-tourn"]
[EventRounds "9"]
[EventCountry "POL"]
[SourceTitle "EXT 2019"]
[Source "ChessBase"]
[SourceDate "2018.10.10"]
[SourceVersion "1"]
[SourceVersionDate "2018.10.10"]
[SourceQuality "1"]
[WhiteTeam "Kozuchow Odrodzenie"]
[BlackTeam "Plock PTSz"]
[WhiteTeamCountry "POL"]
[BlackTeamCountry "POL"]

1. e4 e5 2. Nf3 Nc6 3. Bb5 a6 4. Ba4 Nf6 5. 0-0 b5 6. Bb3 Be7 7. Re1 0-0 8. h3 d6 9. c3 Na5 10. Bc2 c5 11. d4 1/2-1/2

[Event "POL-chT 65th"]
[Site "Lublin"]
[Date "2009.09.16"]
[Round "5.30"]
[White "Demidowicz, Maria"]
[Black "Przezdziecka, Ewa"]
[Result "0-1"]
[WhiteElo "2119"]
[BlackElo "2103"]
[PlyCount "86"]
[EventDate "2009.09.12"]
[EventType "team-tourn"]
[EventRounds "9"]
[EventCountry "POL"]
[SourceTitle "EXT 2019"]
[Source "ChessBase"]
[SourceDate "2018.10.10"]
[SourceVersion "1"]
[SourceVersionDate "2018.10.10"]
[SourceQuality "1"]
[WhiteTeam "Kozuchow Odrodzenie"]
[BlackTeam "Legnica Miedz"]
[WhiteTeamCountry "POL"]
[BlackTeamCountry "POL"]

1. e4 c5 2. Nf3 e6 3. d4 cxd4 4. Nxd4 Nf6 5. Nc3 Qb6 6. Nb3 Bb4 7. Bd3 d6 8. Bd2 Bxc3 9. Bxc3 e5 10. Qe2 0-0 11. 0-0-0 Be6 12. Na5 Rc8 13. Bc4 Qc7 14. Bxe6 fxe6 15. g4 b6 16. Nb3 a5 17. g5 Ne8 18. g6 a4 19. gxh7+ Kh8 20. Na1 a3 21. Kb1 Qa7 22. Qf3 axb2 23. Qf8+ Kxh7 24. Bxb2 Qxa2+ 25. Kc1 Qc4 26. Rd2 Qxe4 27. Rg1 Nd7 28. Qf7 Ndf6 29. Rg3 Qf5 30. f4 Ne4 31. Qxf5+ exf5 32. Rh3+ Kg8 33. Rg2 exf4 34. Nb3 g5 35. Nd4 Ng7 36. Rh6 Kf7 37. Nb5 Ne8 38. Nd4 Ng7 39. h4 g4 40. h5 f3 41. Nxf3 Rh8 42. Bxg7 Rxh6 43. Bxh6 gxf3 0-1

[Event "POL-chT 65th"]
[Site "Lublin"]
[Date "2009.09.12"]
[Round "1.18"]
[White "Demidowicz, Maria"]
[Black "Socko, Monika"]
[Result "1-0"]
[WhiteElo "2119"]
[BlackElo "2476"]
[PlyCount "71"]
[EventDate "2009.09.12"]
[EventType "team-tourn"]
[EventRounds "9"]
[EventCountry "POL"]
[SourceTitle "EXT 2019"]
[Source "ChessBase"]
[SourceDate "2018.10.10"]
[SourceVersion "1"]
[SourceVersionDate "2018.10.10"]
[SourceQuality "1"]
[WhiteTeam "Kozuchow Odrodzenie"]
[BlackTeam "Katowice Hetman Szopienice"]
[WhiteTeamCountry "POL"]
[BlackTeamCountry "POL"]

1. e4 c5 2. Nf3 Nc6 3. d4 cxd4 4. Nxd4 g6 5. Be3 Bg7 6. Nc3 Nf6 7. Bc4 0-0 8. Bb3 d6 9. f3 Bd7 10. Qd2 Na5 11. 0-0-0 Nxb3+ 12. cxb3 Qa5 13. Kb1 Rfc8 14. h4 b5 15. h5 b4 16. Nce2 Nxh5 17. g4 Nf6 18. Ng3 Rc7 19. Qh2 e6 20. g5 Ne8 21. f4 Rac8 22. f5 exf5 23. exf5 Bxd4 24. Qxh7+ Kf8 25. Bxd4 Bxf5+ 26. Nxf5 Qxf5+ 27. Ka1 Ke7 28. Rhe1+ Kd7 29. Be3 Qf3 30. Rb1 Kc6 31. Qh4 Rb8 32. Qd4 Rb5 33. Qc4+ Rc5 34. Bxc5 dxc5 35. Qa6+ Kd7 36. Rbd1+ 1-0

[Event "Rewal op-A 14th"]
[Site "Rewal"]
[Date "2009.08.21"]
[Round "2"]
[White "Demidowicz, Maria"]
[Black "Aliavdin, Nikolai"]
[Result "0-1"]
[WhiteElo "2138"]
[BlackElo "2372"]
[PlyCount "54"]
[EventDate "2009.08.19"]
[EventType "swiss"]
[EventRounds "9"]
[EventCountry "POL"]
[SourceTitle "CBM 131 Extra"]
[Source "ChessBase"]
[SourceDate "2009.09.03"]
[SourceVersion "2"]
[SourceVersionDate "2009.09.16"]
[SourceQuality "1"]

1. e4 e5 2. Nf3 Nc6 3. Bb5 a6 4. Ba4 Nf6 5. 0-0 Be7 6. Re1 b5 7. Bb3 d6 8. c3 0-0 9. h3 Nd7 10. d4 Nb6 11. Nbd2 Bf6 12. Nf1 Re8 13. Bc2 g6 14. Ne3 Bg7 15. b3 Bb7 16. d5 Ne7 17. c4 c6 18. Qe2 cxd5 19. cxd5 Nexd5 20. Nxd5 Nxd5 21. exd5 e4 22. Be3 exf3 23. Qxf3 Bxa1 24. Rxa1 Rc8 25. Bd3 Re5 26. Bd4 Bxd5 27. Qf4 Qg5 0-1

[Event "POL-chT U19 40th"]
[Site "Chotowa"]
[Date "2009.07.??"]
[Round "4"]
[White "Demidowicz, Maria"]
[Black "Adamowicz, Katarzyna"]
[Result "0-1"]
[WhiteElo "2138"]
[BlackElo "2121"]
[PlyCount "230"]
[EventDate "2009.07.06"]
[EventType "team-tourn"]
[EventRounds "9"]
[EventCountry "POL"]
[SourceTitle "EXT 2012"]
[Source "ChessBase"]
[SourceDate "2011.11.24"]
[SourceVersion "1"]
[SourceVersionDate "2011.11.24"]
[SourceQuality "1"]
[WhiteTeam "Gorzow Wielkopolski Stilon U19"]
[BlackTeam "Koszalin Hetman Politechnika U19"]
[WhiteTeamCountry "POL"]
[BlackTeamCountry "POL"]

1. e4 c5 2. Nf3 d6 3. d4 cxd4 4. Nxd4 Nf6 5. Nc3 a6 6. f3 e5 7. Nb3 Be7 8. Be3 Be6 9. Qd2 Qc7 10. 0-0-0 0-0 11. g4 Rc8 12. g5 Nh5 13. Nd5 Bxd5 14. exd5 Nd7 15. Kb1 g6 16. Bh3 a5 17. Qc1 Nf4 18. Bxf4 exf4 19. Bxd7 Qxd7 20. h4 Bf8 21. Nd2 Bg7 22. Ne4 a4 23. Qxf4 Qc7 24. Qd2 a3 25. b3 Ra4 26. Nf6+ Bxf6 27. gxf6 Rf4 28. c4 Rxf6 29. h5 Rxf3 30. Qe2 Rf6 31. Rd4 Qd7 32. Re4 Qf5 33. Kc1 gxh5 34. Rg1+ Rg6 35. Rf1 Qg5+ 36. Kb1 Rf6 37. Rh1 Rf5 38. Qe1 Qf6 39. Re2 b5 40. Rg1+ Rg5 41. Rxg5+ Qxg5 42. cxb5 Qxd5 43. Re8+ Rxe8 44. Qxe8+ Kg7 45. Qe2 h6 46. Kc2 h4 47. Qg4+ Kh7 48. Qxh4 Qxb5 49. Qe4+ Kg8 50. b4 Qa4+ 51. Kc1 h5 52. Qb7 Qe8 53. Qg2+ Kh8 54. Qf2 Qc6+ 55. Kd2 Kg8 56. Kd3 Qd5+ 57. Kc3 Kf8 58. Qh4 Qf3+ 59. Kc2 Qf5+ 60. Kb3 Qd3+ 61. Ka4 Qd1+ 62. Kxa3 Ke8 63. Qe4+ Kd7 64. Qf5+ Ke7 65. b5 Qe2 66. Qg5+ Ke6 67. Qh6+ f6 68. Qg6 Qxb5 69. Qg8+ Kd7 70. Qf7+ Kc6 71. Qe8+ Kb6 72. Qb8+ Kc5 73. Qc8+ Qc6 74. Qf5+ Kb6 75. Qxf6 Qc5+ 76. Kb3 Qd5+ 77. Ka3 Qd3+ 78. Kb2 Qe2+ 79. Ka3 Qe5 80. Qd8+ Kc5 81. Qa5+ Kd4 82. Qd2+ Kc4 83. Qb4+ Kd3 84. Qb1+ Kd2 85. Qh1 Qa5+ 86. Kb3 Qc3+ 87. Ka4 Qc2+ 88. Kb5 Qc5+ 89. Ka6 Qc4+ 90. Kb7 h4 91. Qh2+ Kc3 92. Qh3+ Kb4 93. a3+ Ka4 94. Qh2 Kxa3 95. Ka7 Qa4+ 96. Kb6 Qb3+ 97. Kc7 d5 98. Kd7 Qb5+ 99. Ke6 Qc6+ 100. Kf5 Qd7+ 101. Kf6 d4 102. Qc2 Qd6+ 103. Kf5 h3 104. Qd3+ Kb4 105. Qd2+ Kb5 106. Qd3+ Kc6 107. Qa6+ Kd7 108. Qb7+ Ke8 109. Qc8+ Ke7 110. Qh8 Qe6+ 111. Kg5 d3 112. Qh7+ Kd6 113. Kf4 h2 114. Qxd3+ Ke7 115. Qd1 Qd6+ 0-1

[Event "POL-chT U19 40th"]
[Site "Chotowa"]
[Date "2009.07.??"]
[Round "6"]
[White "Labedz, Patrycja"]
[Black "Demidowicz, Maria"]
[Result "1-0"]
[WhiteElo "2044"]
[BlackElo "2138"]
[PlyCount "91"]
[EventDate "2009.07.06"]
[EventType "team-tourn"]
[EventRounds "9"]
[EventCountry "POL"]
[SourceTitle "EXT 2012"]
[Source "ChessBase"]
[SourceDate "2011.11.24"]
[SourceVersion "1"]
[SourceVersionDate "2011.11.24"]
[SourceQuality "1"]
[WhiteTeam "Jaworzno JKSz MCKiS U19"]
[BlackTeam "Gorzow Wielkopolski Stilon U19"]
[WhiteTeamCountry "POL"]
[BlackTeamCountry "POL"]

1. d4 Nf6 2. Nf3 g6 3. c4 Bg7 4. g3 0-0 5. Bg2 d6 6. Nc3 Nc6 7. 0-0 Bf5 8. Ne1 Qc8 9. e4 Bh3 10. f3 Bxg2 11. Kxg2 e5 12. d5 Nd4 13. Be3 c5 14. dxc6 bxc6 15. Bxd4 exd4 16. Qxd4 Rb8 17. Qd2 Qe6 18. b3 d5 19. exd5 cxd5 20. c5 d4 21. Nd1 Nd5 22. Rc1 f5 23. f4 Ne3+ 24. Nxe3 dxe3 25. Qe2 Rfd8 26. Nf3 Rb4 27. Rfe1 Qd5 28. Red1 Rd4 29. Rxd4 Bxd4 30. Rd1 Qxc5 31. Nxd4 Rxd4 32. Rxd4 Qxd4 33. Qc4+ Qxc4 34. bxc4 Kf7 35. Kf3 Ke6 36. Kxe3 Kd6 37. Kd4 a6 38. c5+ Kc6 39. Kc4 Kc7 40. Kd5 Kd7 41. c6+ Kc7 42. h3 h6 43. h4 Kc8 44. Kc5 Kc7 45. a3 h5 46. a4 1-0

[Event "POL-ch U18 Girls"]
[Site "Chotowa"]
[Date "2009.04.03"]
[Round "9"]
[White "Stepien, Katarzyna"]
[Black "Demidowicz, Maria"]
[Result "0-1"]
[WhiteElo "1626"]
[BlackElo "2131"]
[PlyCount "110"]
[EventDate "2009.03.28"]
[EventType "swiss"]
[EventRounds "11"]
[EventCountry "POL"]
[SourceTitle "EXT 2011"]
[Source "ChessBase"]
[SourceDate "2010.11.26"]
[SourceVersion "1"]
[SourceVersionDate "2010.11.26"]
[SourceQuality "1"]

1. d4 Nf6 2. Nf3 g6 3. Bf4 Bg7 4. h3 0-0 5. c4 d6 6. Nc3 Nbd7 7. Rc1 c5 8. d5 a6 9. a4 Nh5 10. Bd2 e6 11. e4 exd5 12. exd5 Ne5 13. Nxe5 Bxe5 14. Be2 Nf4 15. 0-0 Qg5 16. g3 Nxh3+ 17. Kh1 Qf5 18. f4 Bd4 19. Kg2 Nf2 20. g4 Nxg4 21. Bxg4 Qxg4+ 22. Qxg4 Bxg4 23. Ne4 Rfe8 24. Rfe1 Rad8 25. Ba5 b6 26. Bxb6 Rb8 27. a5 Bxb2 28. Nxd6 Rf8 29. Rc2 Bd4 30. Kg3 h5 31. Re7 Kg7 32. Ra7 g5 33. Rc1 Be3 34. Rf1 Bxf4+ 35. Rxf4 gxf4+ 36. Kxf4 Ra8 37. Rc7 Kg6 38. Bxc5 Be2 39. Rc6 f6 40. Ne4 Rf7 41. Bb6 h4 42. Bg1 Bf1 43. c5 h3 44. Re6 Rh8 45. Bh2 Bc4 46. Rd6 Rh4+ 47. Ke3 Rg4 48. Be5 Kf5 49. Nf2 fxe5 50. Nxg4 Kxg4 51. Rg6+ Kh5 52. Rg8 Bxd5 53. Rh8+ Kg4 54. Rg8+ Kh4 55. Rh8+ Kg3 0-1

[Event "POL-ch U18 Girls"]
[Site "Chotowa"]
[Date "2009.03.30"]
[Round "3"]
[White "Skrzypczak, Anna"]
[Black "Demidowicz, Maria"]
[Result "0-1"]
[WhiteElo "2000"]
[BlackElo "2131"]
[PlyCount "102"]
[EventDate "2009.03.28"]
[EventType "swiss"]
[EventRounds "11"]
[EventCountry "POL"]
[SourceTitle "EXT 2011"]
[Source "ChessBase"]
[SourceDate "2010.11.26"]
[SourceVersion "1"]
[SourceVersionDate "2010.11.26"]
[SourceQuality "1"]

1. e4 c5 2. Nf3 d6 3. d4 cxd4 4. Nxd4 Nf6 5. Nc3 a6 6. Be2 e5 7. Nb3 Be7 8. 0-0 0-0 9. Be3 Be6 10. f4 exf4 11. Bxf4 Nc6 12. Kh1 Rc8 13. Qe1 Ne5 14. Rd1 Qc7 15. Qg3 b5 16. a3 Nc4 17. Bh6 Ne8 18. Bxc4 Bxc4 19. Rf2 Qd8 20. Rf5 Bh4 21. Bg5 Bxg3 22. Bxd8 Rxd8 23. hxg3 Nf6 24. Nd4 Ng4 25. Rf4 h5 26. Nf5 g6 27. Nxd6 Ne3 28. Rd2 Nf1 29. Rd1 Nxg3+ 30. Kh2 Nf1+ 31. Kg1 Ne3 32. Rd2 Be6 33. e5 Ng4 34. Re4 Rd7 35. Nd5 Bxd5 36. Rxd5 Rfd8 37. Red4 Kf8 38. Rc5 Nxe5 39. Rxe5 Rxd6 40. Rde4 Rd2 41. Rc5 R8d6 42. Rf4 Re2 43. Rc7 f5 44. a4 Rdd2 45. axb5 axb5 46. Rb7 Rxg2+ 47. Kf1 Rh2 48. Kg1 Rdg2+ 49. Kf1 Rxc2 50. Kg1 Rcg2+ 51. Kf1 Rxb2 0-1

[Event "Krakow op-A 19th"]
[Site "Krakow"]
[Date "2009.01.04"]
[Round "9"]
[White "Demidowicz, Maria"]
[Black "Tokarski, Bartosz"]
[Result "0-1"]
[WhiteElo "2093"]
[BlackElo "2249"]
[PlyCount "50"]
[EventDate "2008.12.26"]
[EventType "swiss"]
[EventRounds "9"]
[EventCountry "POL"]
[SourceTitle "CBM 128 Extra"]
[Source "ChessBase"]
[SourceDate "2009.03.05"]
[SourceVersion "2"]
[SourceVersionDate "2009.03.25"]
[SourceQuality "1"]

1. e4 c5 2. Nf3 d6 3. d4 cxd4 4. Nxd4 Nf6 5. Nc3 a6 6. f3 e5 7. Nb3 Be6 8. Be3 h5 9. Qd2 Nbd7 10. 0-0-0 Rc8 11. g3 b5 12. Nd5 Bxd5 13. exd5 Nb6 14. Bxb6 Qxb6 15. Kb1 g6 16. Bg2 Bh6 17. Qd3 0-0 18. Rhf1 Rc4 19. c3 Rfc8 20. Nd2 Bxd2 21. Rxd2 b4 22. cxb4 Qxb4 23. Qe2 Nxd5 24. Qf2 Nc3+ 25. Ka1 Ne4 0-1

[Event "Lasker Memorial op"]
[Site "Barlinek"]
[Date "2009.??.??"]
[Round "4"]
[White "Demidowicz, Maria"]
[Black "Koziak, Vitali"]
[Result "0-1"]
[WhiteElo "2139"]
[BlackElo "2475"]
[PlyCount "54"]
[EventDate "2009.05.16"]
[EventType "swiss"]
[EventRounds "9"]
[EventCountry "POL"]
[SourceTitle "CBM 130 Extra"]
[Source "ChessBase"]
[SourceDate "2009.07.02"]
[SourceVersion "2"]
[SourceVersionDate "2009.07.15"]
[SourceQuality "1"]

1. e4 g6 2. d4 Bg7 3. Nc3 d6 4. Be3 a6 5. Qd2 Nd7 6. 0-0-0 b5 7. h4 Bb7 8. f3 h6 9. Kb1 Rc8 10. h5 g5 11. g3 Ngf6 12. Qf2 b4 13. Nce2 g4 14. d5 Ne5 15. f4 Nc4 16. Bd4 Nxe4 17. Qe1 Nf6 18. Qxb4 Bxd5 19. Rh2 0-0 20. Qe1 Rb8 21. b3 e6 22. Nc3 Na3+ 23. Kb2 Nb5 24. Bxb5 axb5 25. Qe2 c5 26. Nxd5 exd5 27. Bc3 b4 0-1

[Event "Lasker Memorial op"]
[Site "Barlinek"]
[Date "2009.??.??"]
[Round "2"]
[White "Klim, Kamil"]
[Black "Demidowicz, Maria"]
[Result "1-0"]
[WhiteElo "2211"]
[BlackElo "2139"]
[PlyCount "47"]
[EventDate "2009.05.16"]
[EventType "swiss"]
[EventRounds "9"]
[EventCountry "POL"]
[SourceTitle "CBM 130 Extra"]
[Source "ChessBase"]
[SourceDate "2009.07.02"]
[SourceVersion "2"]
[SourceVersionDate "2009.07.15"]
[SourceQuality "1"]

1. d4 Nf6 2. c4 g6 3. Nc3 Bg7 4. e4 0-0 5. Nf3 d6 6. Be2 e5 7. 0-0 Nc6 8. d5 Ne7 9. Nd2 c5 10. Rb1 b6 11. b4 Ne8 12. Qa4 f5 13. bxc5 bxc5 14. f3 Bh6 15. Nb3 Bxc1 16. Rfxc1 Bd7 17. Qa5 Qc8 18. f4 exf4 19. e5 dxe5 20. Nxc5 e4 21. Rb7 Nf6 22. Rc7 Qd8 23. Nxd7 Nxd7 24. d6 1-0